000 00527nam a2200205Ia 4500
003 OSt
005 20250509103436.0
008 220927b |||||||| |||| 00| 0 eng d
037 _cTextual
040 _aSDCL
_cSDCL
_beng
041 _2hin
_ahin
084 _aO152:f L3
100 _aSharma, Vinaymohan
_9404763
245 0 _aShodh pravidhi.
246 _aशोध प्रविधि
260 _aDelhi :
_bNational Prakasan,
_c1973.
300 _a221p.
942 _cTEXL
_2CC
_n0
999 _c720474
_d720474